The sociology book (Record no. 41647)
[ view plain ]
| 000 -LEADER | |
|---|---|
| fixed length control field | 00726nam a22002777a 4500 |
| 005 - DATE AND TIME OF LATEST TRANSACTION | |
| control field | 20180705151420.0 |
| 008 - FIXED-LENGTH DATA ELEMENTS--GENERAL INFORMATION | |
| fixed length control field | 180705b xxu||||| |||| 00| 0 eng d |
| 020 ## - ISBN | অাই এস বি এন | |
| ISBN | অাই এস বি এন | 9780241182291 |
| PRICE | Rs 999 |
| 040 ## - CATALOGING SOURCE | |
| Language of cataloging | eng |
| 041 ## - LANGUAGE CODE | |
| Language code | English |
| 082 ## - DDC | ডিউই | |
| Classification number | বর্গসংখ্যা | 301 |
| Book Number | গ্রন্থাঙ্ক | THO |
| 245 ## - TITLE STATEMENT | অাখ্যা বিবরণী | |
| Title | অাখ্যা | The sociology book |
| 260 ## - IMPRINT | প্রকাশনা ক্ষেত্র | |
| Place of publication | প্রকাশ স্থান | London |
| Name of publisher | প্রকাশকের নাম | Dorling Kindersley |
| Date of publication | প্রকাশ কাল | 2015 |
| 300 ## - PHYSICAL DESCRIPTION | | |
| Page / Vol. No | পৃষ্ঠা / খন্ড সংখ্যা | 352p |
| Other physical details | অনান্য বাহ্যিক বিবরণ | 24 cm, ill |
| 504 ## - BIBLIOGRAPHY, ETC. NOTE | |
| Bibliography, etc | Includes index |
| 650 ## - SUBJECT ADDED ENTRY--TOPICAL TERM | বিষয় শিরোনাম - মূল বিষয় | |
| Topical term | মূল বিষয় | Sociology |
| 650 ## - SUBJECT ADDED ENTRY--TOPICAL TERM | বিষয় শিরোনাম - মূল বিষয় | |
| Topical term | মূল বিষয় | Globalization |
| Form subdivision | রুপগত বিভাগ | Social aspects |
| 700 ## - ADDED ENTRY--PERSONAL NAME | অতিরিক্ত সংলেখ - ব্ | |
| Relator code | দায়িত্ব নির্দেশক | Auth |
| Personal name | ব্যাক্তিনাম | Thorpe, Christopher |
| 700 ## - ADDED ENTRY--PERSONAL NAME | অতিরিক্ত সংলেখ - ব্ | |
| Relator code | দায়িত্ব নির্দেশক | ed. |
| Personal name | ব্যাক্তিনাম | Yuill, Chris |
| 700 ## - ADDED ENTRY--PERSONAL NAME | অতিরিক্ত সংলেখ - ব্ | |
| Relator code | দায়িত্ব নির্দেশক | Auth |
| Personal name | ব্যাক্তিনাম | Hobbs, Mitchell |
| 700 ## - ADDED ENTRY--PERSONAL NAME | অতিরিক্ত সংলেখ - ব্ | |
| Relator code | দায়িত্ব নির্দেশক | Auth |
| Personal name | ব্যাক্তিনাম | Todd, Megan |
| 700 ## - ADDED ENTRY--PERSONAL NAME | অতিরিক্ত সংলেখ - ব্ | |
| Relator code | দায়িত্ব নির্দেশক | Auth |
| Personal name | ব্যাক্তিনাম | Tomley, Sarah |
| 700 ## - ADDED ENTRY--PERSONAL NAME | অতিরিক্ত সংলেখ - ব্ | |
| Relator code | দায়িত্ব নির্দেশক | Auth |
| Personal name | ব্যাক্তিনাম | Weeks, Marcus |
| 850 ## - HOLDING INSTITUTION | |
| Holding institution | LCLIB |
| 942 ## - ADDED ENTRY ELEMENTS (KOHA) | |
| Koha item type | Books |
| Withdrawn status | Lost status | Source of classification | Damaged status | Not for loan | Home library | Current library | Date acquired | Price | Total Checkouts | Full call number | Accession No. | Date last seen | Date checked out | Price effective from | Koha item type |
|---|---|---|---|---|---|---|---|---|---|---|---|---|---|---|---|
| Dewey Decimal Classification | Loreto College | Loreto College | 05/07/2018 | 999.00 | 3 | 301 THO 52707 | 45564 | 02/01/2025 | 18/12/2024 | 05/07/2018 | Books |